Formel 1 Fahrer 2018 - Statistiken

Allgemein
  • Dieses Quiz wurde 44 mal gespielt
  • Das Durchschnittsergebnis liegt bei 16 aus 20
Antwortstatistiken
Team Nummer Nation Motor Fahrer % Korrekt
Mercedes 44 Großbritannien Mercedes Lewis Hamilton
100%
Ferrari 7 Finnland Ferrari Kimi Räikkönen
98%
Red Bull 33 Niederlande Renault Max Verstappen
98%
Ferrari 5 Deutschland Ferrari Sebastian Vettel
98%
Alfa Romeo 16 Monaco Ferrari Charles Leclerc
95%
Mercedes 77 Finnland Mercedes Valtteri Bottas
95%
Renault 27 Deutschland Renault Nico Hülkenberg
93%
Force India/Racing Point 11 Mexiko Mercedes Sergio Perez
93%
Red Bull 3 Australien Renault Daniel Ricciardo
90%
McLaren 14 Spanien Renault Fernando Alonso
90%
Haas 20 Dänemark Ferrari Kevin Magnussen
90%
Renault 55 Spanien Renault Carlos Sainz jr.
88%
Toro Rosso 10 Frankreich Honda Pierre Gasly
86%
Force India/Racing Point 31 Frankreich Mercedes Esteban Ocon
83%
Williams 18 Kanada Mercedes Lance Stroll
79%
Haas 8 Frankreich Ferrari Romain Grosjean
69%
McLaren 2 Belgien Renault Stoffel Vandoorne
57%
Alfa Romeo 9 Schweden Ferrari Marcus Ericsson
52%
Toro Rosso 28 Neuseeland Honda Brendon Hartley
43%
Williams 35 Russland Mercedes Sergei Sirotkin
36%
Keine übereinstimmenden Quizze gefunden
Verteilung der Resultate
Anzahl Personen mit jedem Resultat
Perzentil nach korrekt beantworteten Fragen
Ihre Resultats-Entwicklung
Sie haben dieses Quiz noch nicht gespielt